Catalog

Record Details

Catalog Search



Love within limits : a realist's view of 1 Corinthians 13 Cover Image Book Book

Love within limits : a realist's view of 1 Corinthians 13 by Lewis B. Smedes

Smedes, Lewis B. (Author).

Record details

  • ISBN: 0-8028-1753-X
  • Physical Description: 135 p.
  • Publisher: Grand Rapids, Michigan William B. Eerdmans 1980

Available copies

  • 1 of 1 copy available at Common Catalog SPOK.

Holds

  • 0 current holds with 1 total copy.
Show Only Available Copies
Location Call Number / Copy Notes Barcode Shelving Location Status Due Date
ETS Library 227.207 424470003618 Volný výběr Available -

LDR 00685nam a2 00229
00139034
003CZ-PrJAB
00520030623000000.0
008030623s1980 xxu e |||| |eng
009us
020 . ‡a0-8028-1753-X
035 . ‡a(CONS)5506
035 . ‡aKPS2468
041 . ‡aeng
08214. ‡a227.207
100 . ‡71724 ‡aSmedes, Lewis B.
245 . ‡aLove within limits : ‡ba realist's view of 1 Corinthians 13 ‡cby Lewis B. Smedes
260 . ‡aGrand Rapids, Michigan ‡bWilliam B. Eerdmans ‡c1980
300 . ‡a135 p.
653 . ‡aLove within limits ‡aa realist's view of 1 Corinthians 13
8524 . ‡bETS ‡bETS ‡cVolný výběr ‡j227.207 ‡gA ‡p424470003618
910 . ‡aABG450
999 . ‡a5506 ‡bAUTOGEN ‡c5506 ‡tbiblio
905 . ‡uadmin
901 . ‡a39034 ‡b ‡c39034 ‡tbiblio ‡sets

Additional Resources